| 000 | 00456nam a2200145Ia 4500 | ||
|---|---|---|---|
| 008 | 230917s9999||||xx |||||||||||||| ||und|| | ||
| 040 |
_e208163 _aMAIN |
||
| 041 | _aEnglish | ||
| 082 | _a301.426 I8N(2005-06) | ||
| 100 | _aInternational Institute for Population Sciences | ||
| 245 | 0 | _aNational Family Health Survey (NFHS-3) India 2005-06. 2V | |
| 260 |
_aMumbai _bInternational Institute for Population Sciences _c2007 |
||
| 300 | _av. p. | ||
| 942 | _cBK | ||
| 999 |
_c134727 _d134727 |
||